000 00205nam a2200085Ia 4500
008 220204s9999 xx 000 0 und d
082 _a058(548.3)
_bTRA
245 0 _aTravancore directory for 1939
942 _cBK
999 _c44775
_d44775